ბათუმის შოთა რუსთაველის სახელმწიფო უნივერსიტეტის ბიბლიოთეკა

История Международных Отношений; Т.I. От Вестфальского Мира до окончания первой мировой войны. (ბიბ.ჩანაწერი № 44445)

000 -LEADER
fixed length control field 01076nam a2200289Ia 4500
001 - CONTROL NUMBER
control field 11214
003 - CONTROL NUMBER IDENTIFIER
control field GE_BSU
008 - FIXED-LENGTH DATA ELEMENTS--GENERAL INFORMATION
fixed length control field 181216s||||||||xx |||||||||||||| ||und||
020 ## - INTERNATIONAL STANDARD BOOK NUMBER
International Standard Book Number 9785756706710
040 ## - CATALOGING SOURCE
Transcribing agency GE_BSU
080 ## - UNIVERSAL DECIMAL CLASSIFICATION NUMBER
Universal Decimal Classification number 327.1(075.8)
100 ## - MAIN ENTRY--PERSONAL NAME
Personal name А.В.Ревякин; Н.Ю.васильева.
245 ## - TITLE STATEMENT
Title История Международных Отношений; Т.I. От Вестфальского Мира до окончания первой мировой войны.
245 ## - TITLE STATEMENT
Remainder of title Учебник;
245 ## - TITLE STATEMENT
Statement of responsibility, etc. Под.ред:А.В.Торкунова; М.М.Наринского.
250 ## - EDITION STATEMENT
Edition statement 2-е изд;испр.
260 ## - PUBLICATION, DISTRIBUTION, ETC.
Place of publication, distribution, etc. Москва.
260 ## - PUBLICATION, DISTRIBUTION, ETC.
Name of publisher, distributor, etc. Аспект Пресс.
260 ## - PUBLICATION, DISTRIBUTION, ETC.
Date of publication, distribution, etc. 2014.
300 ## - PHYSICAL DESCRIPTION
Extent 400стр;24см.
653 ## - INDEX TERM--UNCONTROLLED
Uncontrolled term История Международных Отношений;
653 ## - INDEX TERM--UNCONTROLLED
Uncontrolled term От Вестфальского Мира до окончания первой мировой войны.
653 ## - INDEX TERM--UNCONTROLLED
Uncontrolled term Политика
653 ## - INDEX TERM--UNCONTROLLED
Uncontrolled term პოლიტიკა
942 ## - ADDED ENTRY ELEMENTS (KOHA)
Koha item type წიგნი
ეგზემპლარები
Withdrawn status Lost status Damaged status Not for loan Date acquired Barcode Date last seen Price effective from Koha item type
        2018-12-17 35386 2018-12-17 2018-12-17 წიგნი